00561nam a22001697a 450000500170000001000230001702000160004003500250005603700300008108200100011110000130012124500800013426000470021427000860026130000200034750000240036720181103145325.0 aB-164293 ,B-164294 a 8173051801 aB-164293, B-164294 bAryan Books International a230.1 aVanamali aSri Rama Lila: bthe story of the lord's lncarnation as shri ramacVanamali aNew DelhibAryan Books Internationalc2006 aPooja Apartments,4B, Ansari Road, Darya Ganj, New Delhi-110002bNew Delhie110002 a275p.c23cm(hb) aGlossary of Mantras